|
|
|
|
| LEADER |
00000cam a22000004a 4500 |
| 001 |
musev2_472 |
| 003 |
MdBmJHUP |
| 005 |
20230905040100.0 |
| 006 |
m o d |
| 007 |
cr||||||||nn|n |
| 008 |
090807s2010 mdu o 00 0 eng d |
| 010 |
|
|
|z 2009030638
|
| 020 |
|
|
|a 9781421428055
|
| 020 |
|
|
|z 9780801894640
|
| 020 |
|
|
|z 9780801899164
|
| 035 |
|
|
|a (OCoLC)794700379
|
| 040 |
|
|
|a MdBmJHUP
|c MdBmJHUP
|
| 043 |
|
|
|a n-us-sc
|
| 050 |
0 |
4 |
|a F274.M67
|b G56 2010
|
| 082 |
0 |
|
|a 975.7/041092
|a B
|2 22
|
| 100 |
1 |
|
|a Ginsberg, Benjamin.
|
| 245 |
1 |
0 |
|a Moses of South Carolina :
|b A Jewish Scalawag during Radical Reconstruction /
|c Benjamin Ginsberg.
|
| 264 |
|
1 |
|a Baltimore, Md. :
|b Johns Hopkins University Press,
|c 2010.
|
| 264 |
|
3 |
|a Baltimore, Md. :
|b Project MUSE,
|c 2012
|
| 264 |
|
4 |
|c ©2010.
|
| 300 |
|
|
|a 1 online resource (240 pages):
|b ill. ;
|
| 336 |
|
|
|a text
|b txt
|2 rdacontent
|
| 337 |
|
|
|a computer
|b c
|2 rdamedia
|
| 338 |
|
|
|a online resource
|b cr
|2 rdacarrier
|
| 504 |
|
|
|a Includes bibliographical references and index.
|
| 505 |
0 |
|
|a A southern Moses -- The making of a scalawag -- Reinventing South Carolina's government -- Speaker Moses -- Governor Moses -- Exiled from the promised land -- Coda.
|
| 506 |
0 |
|
|a Open Access
|f Unrestricted online access
|2 star
|
| 588 |
|
|
|a Description based on print version record.
|
| 600 |
1 |
0 |
|a Moses, Franklin Israel,
|d 1838-1906.
|
| 650 |
|
0 |
|a Reconstruction (U.S. history, 1865-1877)
|z South Carolina.
|
| 650 |
|
0 |
|a Legislators
|z South Carolina
|v Biography.
|
| 650 |
|
0 |
|a Governors
|z South Carolina
|v Biography.
|
| 651 |
|
0 |
|a South Carolina
|x Politics and government
|y 1865-1950.
|
| 610 |
2 |
0 |
|a Republican Party (S.C.)
|x History
|y 19th century.
|
| 655 |
|
7 |
|a Electronic books.
|2 local
|
| 710 |
2 |
|
|a Project Muse.
|e distributor
|
| 830 |
|
0 |
|a Book collections on Project MUSE.
|
| 856 |
4 |
0 |
|z Texto completo
|u https://projectmuse.uam.elogim.com/book/472/
|
| 945 |
|
|
|a Project MUSE - 2010 US Regional Studies, South
|
| 945 |
|
|
|a Project MUSE - 2010 Complete
|